The chronicles of the koster dilemma

Sparad:
Bibliografiska uppgifter
Huvudupphov: Worthy, Simon
Materialtyp: Bok
Språk:engelska
Taggar: Lägg till en tagg
Inga taggar, Lägg till första taggen!

MARC

LEADER 00000nam a2200000 4500
001 CDOM0000002686
003 mi
005 20251006124156.0
008 251006b |||||||| |||| 00| 0 eng d
040 |c mi 
100 |a Worthy, Simon 
245 1 |a The chronicles of the koster dilemma  
942 |2 ddc  |c BK 
952 |0 0  |1 0  |2 ddc  |4 0  |7 0  |9 6144  |a MI  |b MI  |d 1987-02-18  |i 837  |l 0  |p CDOM837  |r 2025-07-13 16:28:00  |w 2025-07-13  |x ACQUISTO  |y BK 
999 |c 4916  |d 4916